Powers of 3 - Statistics

General Stats
  • This quiz has been taken 79 times
  • The average score is 11 of 21
Answer Stats
Term Answer % Correct
3^3 27
98%
3^1 3
98%
3^2 9
98%
3^0 1
97%
3^4 81
88%
3^5 243
85%
3^6 729
81%
3^7 2187
76%
3^8 6561
66%
3^9 19.683
54%
3^10 59.049
44%
3^11 177.147
41%
3^12 531.441
32%
3^13 1.594.323
31%
3^14 4.782.969
19%
3^15 14.348.907
14%
3^16 43.046.721
10%
3^17 129.140.163
8%
3^18 387.420.489
8%
3^19 1.162.261.467
5%
3^20 3.486.784.401
5%
No matching quizzes found
Score Distribution
Percent of People with Each Score
Percentile by Number Answered
Your Score History
You have not taken this quiz